| 000 | 00652nam a2200169Ia 4500 | ||
|---|---|---|---|
| 999 |
_c15173 _d15173 |
||
| 082 | _aTR.0133 | ||
| 100 | _aReddy, A. Sudarshan | ||
| 245 | 0 | _aImpact of rural electrification on small farmer economy in Karimnagar district of Andhra Pradesh | |
| 260 |
_c1982 _bOsmania University |
||
| 300 | _a409p. + C D - 52 | ||
| 650 | _aSMALL FARMERS - ANDHRA PRADESH - KARIMNAGAR DISTRICT | ||
| 650 | _aRURAL ELECTRIFICATION - ANDHRA PRADESH - KARIMNAGAR DISTRICT | ||
| 650 | _aELECTRICITY IN AGRICULTURE - ANDHRA PRADESH - KARIMNAGAR DISTRICT | ||
| 650 | _aELECTRIFICATION, RURAL//RURAL ELECTRIFICATION | ||
| 710 | _aSuryanarayana, K.S. | ||
| 942 |
_cTH _2ddc |
||